Регионална библиотека "Любен Каравелов" - Русе

Битието (Запис номер 85876)

MARC детайли
000 -Лидер
Контролно поле с фиксирана дължина 01238nam a2200337 c 4500
003 - Код на организацията, давaща контролен номер
Контролно поле BLK
005 - Дата и час на последна редакция
Контролно поле 20220503143744.0
008 - Елементи от данни с фиксирана дължина
fixed length control field 180408b bul|||||r ||||||| ||bul||
010 ## - Наследен системен номер
LC control number KNG00090483000
020 ## - Международен стандартен номер на книга ISBN
Международен стандартен номер на книга ISBN 978-954-28-0137-5
-- издат.: Сиела Софт енд Паблишинг
040 ## - Източник на каталожния запис
Идентификатор на билиотеката - собственик на записа BLK
041 ## - Код за език
Код за езика на текст/звукозапис или на отделно заглавие Български
Код за езика КДБФ Български
072 #7 - Код за тематичната категория
Код организация bullib
Код за тематична категория Я
Текст Автографи
080 ## - УДК
Текстов определител УДК Българска литература
УДК код - определител по УДК 821.163.2
УДК определител -31
УДК - код + определител 821.163.2-31
100 1# - Редна дума - Автор
Автор Зарев, Владимир Пантелеев
Авторска отговорност първи автор
Автор - информация (биография) Пантев, Владимир Пантелеев
R(LIN) 277642
139 ## - Редно поле
Редна дума Зарев, Владимир Пантелеев
Авторски знак Зар - З 34
245 10 - Сведения за заглавието
Заглавие Битието
Подзаглавни данни Роман
Редно поле (дума) Владимир Пантелеев Зарев.
250 ## - Област на изданието
Сведения за изданието 3. изд.
257 ## - Страна на издаване
Страна на създаване/издаване България
260 ## - Област на издателските данни
-- София
Име на издателя, разпространителя и проч. Сиела Софт енд Паблишинг
Година на издаване 2007
300 ## - Физическа характеристика
Страници 741 с.
Размери/Мащаб 21 см
380 ## - Жанр
Жанр Худож. лит.
500 ## - Общи забележки
Забележка 1. изд. 1978 на изд. Бълг. писател.
653 ## - Ключова дума – ненормативна
Ключова дума романи
659 ## - Тематичен бюлетин
Тематичен бюлетин Я
852 ## - Местоположение
Форматна сигнатура Цб 244693
856 4# - Електронен адрес и достъп
Електронен формат pdf - файл
Път до файла /url/
856 4# - Електронен адрес и достъп
Електронен формат pdf - файл
Път до файла /url/
942 ## - АРТИКУЛИ
Вид на библиотечния материал Книги
Скрит в OPAC Не
Koha issues (borrowed), all copies 17
944 ## - СЪЗДАВАНЕ И РЕДАКЦИЯ на ЗАПИСА
Създаване/Редакция Създаване
Дата на регистрацията/редакция 09.07.2009
Статус, дата на статуса ф /
Служител, извършил регистрацията/редакцията Людмила_Стоянова
944 ## - СЪЗДАВАНЕ И РЕДАКЦИЯ на ЗАПИСА
Създаване/Редакция Редакция
Дата на регистрацията/редакция 29.05.2013
Статус, дата на статуса ф /
Служител, извършил регистрацията/редакцията
999 ## - СИСТЕМНИ КОНТРОЛНИ НОМЕРА
Koha biblionumber 85876
Koha biblioitemnumber 85876
Наличности
Код за отписване Код за изгубен артикул Код за повреда Коз за рестрикции Код за отдаване Артикулен № Име на библиотеката - собственик Име на библиотеката, в която се намира в момента Статус (Текущо местоположение) Дата на вписване в системата Местоположение - отдел Цена в лева Инвентарен номер Систематично азбучна сигнатура Баркод Номер на екземпляра Цена в евро Служебна бележка Служебен тип на артикула Източник на класификационната схема Номерация (Хронология)
  Не е изгубен Не е повреден без рестрикции ползва се в читалня 139205 Регионална библиотека "Любен Каравелов" Русе Регионална библиотека "Любен Каравелов" Русе Хранилище 2009-07-08 Хранилище 16.00 120000736900 Цб 244693 120000736900 1 8.18 Дост: Dp Вид: Д N: 6 Дата: 27.01.2009 Книги    
Изтеглен Не е изгубен Не е повреден без рестрикции заемане за дома 139206 Регионална библиотека "Любен Каравелов" Русе Регионална библиотека "Любен Каравелов" Русе Заемна - подръчен фонд 2013-03-07 Заемна - подръчен фонд 9.00 120000764827 П 886.7-31/З 34 120000764827 2 4.60 Дост: Pk Вид: Ф N: 422 Дата: 03.03.2013 Дата инв: 09.03.2018 Бележки инв: П2018 Книги Universal Decimal Classification  
  Не е изгубен Не е повреден без рестрикции ползва се в читалня 139207 Регионална библиотека "Любен Каравелов" Русе Регионална библиотека "Любен Каравелов" Русе Хранилище 2013-05-27 Основен фонд - ползва се само за читалня 18.00 120000766271 Цб 244693 120000766271 3 9.20 Дост: Pk Вид: Ф N: 365 Дата: 27.05.2013 Книги   Автограф: Владимир Зарев
Vip Innovations Ltd, Rousse, Bulgaria 2025